000 00930nam a2200313 a 4500
001 000107780
003 CHAP
005 20220329143943.0
008 131104s2008 ck | |r| ||1|||spa d
010 _a104242
011 _a105214
020 _a9789586485289
040 _cCHAP
082 0 4 _a370.1
_bB41 2008
100 1 _aBedoya Madrid, José Iván
_9124519
245 1 0 _aPedagogía enseñar a pensar :
_breflexión filosófica sobre el proceso de enseñar /
_cpor José Iván Bedoya Madrid.
250 _a3 ed.
260 3 _aBogotá :
_bEcoe,
_c2008.
300 _a192 p.
590 _aE11695DGD
_b10
_c20131105
_lUCH01
_h0947
590 _aE11695DGD
_b10
_c20131105
_lUCH01
_h0947
590 _aE792CSJ
_b05
_c20131104
_lUCH01
_h1041
590 _aE792CSJ
_b05
_c20131104
_lUCH01
_h1401
590 _aE792CSJ
_b05
_c20131104
_lUCH01
_h1402
650 1 4 _aEnseñanza.
_937085
901 _aBK
942 _cLIBRO
942 _n0
999 _c104242
_d104242